000
00291nam a2200121Ia 4500
005
20251222144649.0
008
251222s9999||||xx |||||||||||||| ||spa||
082
_a
239.1/G34Q
100
_a
Gea Escolano, José
245
0
_a
Lo que todo catequista debe saber
264
_b
s.e.
942
_c
LIB
999
_c
17002
_d
17002